000 00754nam a22002417a 4500
003 UA-OsUOA
001 53004
007 ta
008 20150915b un ||||| |||| 00| 0 ukr d
100 _aКульчицька А.
090 _a82-94
_bК90
942 _cBK
040 _aUA-OsUOA
_bukr
_cUA-OsUOA
_dUA-OsUOA
245 _aЮні українські остарбайтери з Галичини
300 _a80 с.
955 _a4
041 _aukr
080 _a82-94
260 _aДніпропетровськ
_bПороги
_c2006
650 7 _a82 Література. Літературознавство
_2UDC
999 _c433129
_d433129